Tilastot visalle Suomalaisten yleisurheilijoiden ME-tulokset

Klikkaa tästä pelataksesi tätä visaa!

Yleistilastot

  • Tätä visaa on pelattu 31 kertaa
  • Keskiarvotulos 21 / 49

Vastaustilastot

% Oikein
M1 500 m3.52,6Paavo
Nurmi
1924
100%
M5 000 m14.35,4Paavo
Nurmi
1922
100%
M10 000 m30.40,2Paavo
Nurmi
1921
100%
M10 000 m30.23,2Paavo
Nurmi
1924
100%
Mkeihäänheitto91,98Seppo
Räty
1991
96%
M10 000 m27.38,4Lasse
Virén
1972
89%
M5 000 m13.16,4Lasse
Virén
1972
89%
Mkeihäänheitto92,70Jorma
Kinnunen
1969
85%
Nkeihäänheitto72,40Tiina
Lillak
1982
78%
M10 000 m30.35,4Ville
Ritola
1924
78%
Mkymmenottelu8 255,475Akilles
Järvinen
1930
63%
Mkeihäänheitto71,57Matti
Järvinen
1930
63%
M5 000 m14.36,6Hannes
Kolehmainen
1912
52%
Mmaraton2.32.35,8Hannes
Kolehmainen
1920
52%
Mkeihäänheitto66,10Jonni
Myyrä
1919
48%
Mseiväshyppy494Pentti
Nikula
1962
48%
M10 000 m30.02,0Taisto
Mäki
1938
48%
M5 000 m14,08.8Taisto
Mäki
1939
48%
N400 m50,14Riitta
Salin
1974
37%
Mkeihäänheitto96,96Seppo
Räty
1991
37%
Mkeihäänheitto77,87Yrjö
Nikkanen
1938
37%
M3 000 m ej.8.24,2Jouko
Kuha
1968
33%
Mkeihäänheitto74,61Matti
Järvinen
1933
33%
Mkeihäänheitto72,93Matti
Järvinen
1930
33%
Mkeihäänheitto76,10Matti
Järvinen
1933
33%
Mkeihäänheitto74,28Matti
Järvinen
1933
33%
Mkeihäänheitto74,02Matti
Järvinen
1932
33%
Mkeihäänheitto76,66Matti
Järvinen
1934
33%
Mkeihäänheitto71,88Matti
Järvinen
1930
33%
Mkeihäänheitto71,70Matti
Järvinen
1930
33%
Mkeihäänheitto77,23Matti
Järvinen
1936
33%
M1 500 m3.40,2Olavi
Salonen
1957
33%
M10 000 m30.23,2Ilmari
Salminen
1937
26%
M1 500 m3.40,2Olavi
Salsola
1957
26%
Mkeihäänheitto83,56Soini
Nikkinen
1956
26%
M10 000 m29.35,4Viljo
Heino
1944
26%
M5 000 m14.28,2Paavo
Nurmi
1924
22%
Nkeihäänheitto74,76Tiina
Lillak
1983
22%
M3 000 m ej.8.47,8
Pentti
Karvonen
1955
15%
Mkymmenottelu7 820,93Paavo
Yrjölä
1926
11%
M10 000 m29.52,6Taisto
Mäki
1939
11%
M10 000 m29.27,2Viljo
Heino
1949
11%
Mkeihäänheitto78,70Yrjö
Nikkanen
1938
11%
Mkeihäänheitto69,88Eino
Penttilä
1927
7%
M5 000 m14.17,0Lauri
Lehtinen
1932
7%
M3 000 m ej.8.45,4Pentti
Karvonen
1955
7%
M110 m aj.14,4Bengt
Sjöstedt
1931
4%
Mkymmenottelu7 995,19Paavo
Yrjölä
1927
4%
Mkymmenottelu8 053,29Paavo
Yrjölä
1928
4%

Tulosjakauma

Persentiili vastausten määrän mukaan

Jokaisen tuloksen saaneiden osuus

Tuloshistoriasi

Et ole pelannut tätä visaa